| 000 | 00937nas a2200289 4500 | ||
|---|---|---|---|
| 001 | BR0404852 | ||
| 003 | BR-BrBNA | ||
| 005 | 20231205104905.0 | ||
| 007 | ta | ||
| 008 | 230509b bl.|||p| |||| 00| 00por d | ||
| 040 |
_aBR-BrBNA _bpor _cBiblioteca Nacional de Agricultura |
||
| 041 | _a(Pt) | ||
| 072 | _aH10 | ||
| 100 | 1 | _aSilva, C.G. | |
| 100 | 1 | _aMarchiori, C.H. | |
| 100 | 1 | _aFonseca, A.R. | |
| 100 | 1 | _aTorres, L.C. | |
| 245 | 1 | _aHimenópteros parasitóides de larvas de Anastrepha spp. em frutos de carambola (Averrhoa carambola L.)na região de Divinópolis, Minas Gerais, Brasil | |
| 650 | _aCARAMBOLA | ||
| 650 | _aMOSCA DAS FRUTAS | ||
| 650 | _aCONTROLE BIOLÓGICO | ||
| 650 | _aPRAGA DE PLANTA | ||
| 650 | _aMINAS GERAIS | ||
| 773 | 0 |
_tCiência e Agrotecnologia (Brazil) _xISSN 1413-7054 _g(Nov-Dec 2003), v. 27(6) p. 1264-1267 _wBR0404852 |
|
| 909 |
_a202311 _bLúcia _c55 _dLúcia Elande |
||
| 942 |
_2AGRIS _n0 _cANA |
||
| 999 |
_c180154 _d180154 |
||